000 02332nam a22002777a 4500
999 _c21724
_d21724
003 AR-CdUCM
008 190425b ||||| |||| 00| 0 spa d
040 _aMUNICIPALIDAD PROVINCIAL DEL CUSCO
_cBIBLIOTECA MUNICIPAL DEL CUSCO
082 _aRev.Univ/N°63/1932
_bRev.Univ/N°63/1932
110 _aUniversidad Nacional de San Antonio Abad del Cusco
_915942
245 _aRevista Universitaria :
_bÓrgano de la Universidad Menor del Cuzco fundada en 1696 /
260 _aCusco :
_bH. G. Rozas,
_c 1932.
300 _a200 páginas. :
_c20 cm.
440 _aRevista Universitaria
_nAño XXI, 2° semestre 1932, N°63
_945871
500 _aEdición en homenaje a la memoria del que fue dignísimo catedrático y vice rector de la Universidad Dr. Antonio Lorena fallecido el 12 de octubre de 1932.
505 _aContenido: Discursos pronunciados en el acto del sepelio de los restos del doctor Antonio Lorena. -- Antonio Lorena. La medicina y la trepanación incanas. -- Las Nevadas de Arequipa. -- Lago Tititcaca. -- Estado Social del Cuzco. -- Discurso pronunciado en la clausura del colegio Nacional de Ciencias. -- Los temblores de Zurite. -- Etiología del bocio y cretinismo en la hoya del Vilcamayo. -- Apuntes de un estudio de climatología. -- El Cuzco y su clima. -- Las leguminosas arbóreas de Yucay. -- El Eucalipto y su huésped. -- Discurso pronunciado en la velada literario musical de la Universidad en honor del presidente Dr. Dn. José Pardo. -- El baño del Inca. -- Un pedazo de fárrago de mis recuerdos Venecia. -- Algunos materiales para la Antropología del Cuzco. -- Cronología geológica y arqueológica. -- El color de las flores y los frutos precoces. -- Varios algos sueltos de América y Cuzco. -- Los terrales de Arequipa. -- La sequía y los abonos. -- Vegetales exóticos y vegetales adventicios de los alrededores del Cuzco. -- Influencia de los asiáticos y polinesios en América. -- La inmigración de los vegetales en la sección occidental del Cuzco. -- Falus.
650 _aArqueología
_9371
650 _aBotánica cusqueña
_945807
650 _aCultura Inka
_97102
650 _aAntonio Lorena
_945872
650 _aGeología
_917044
700 _aLorena, Antonio
_945873
710 _aUniversidad Nacional de San Antonio Abad del Cusco
_915942
942 _2ddc
_cPP
945 _arac